Sciences : Température de fusion d'éléments chimiques - Statistiques

Statistiques générales
  • Ce quiz a été pris 78 fois
  • Le résultat moyen est 3 sur 15
Statistiques - réponses
Hint Réponse % Correct
Galium 29,76 °C
30%
Tungstène 3 422 °C
30%
Étain 231,9 °C
27%
Plomb 327,5 °C
23%
Or 1 064 °C
20%
Cuivre 1 085 °C
18%
Fer 1 538 °C
18%
Bronze 1100°C
14%
Cobalt 1 495 °C
14%
Titane 1 668 °C
14%
Platine 1 768 °C
14%
Rubidium 39,48 °C
11%
Magnésium 650 °C
11%
Argent 961,8 °C
11%
Béryllium 1 287 °C
9%
Aucun quiz correspondant
Distribution des résultats
% des personnes avec chaque résultat
Percentile par nombre de réponses
Votre historique - résultats
Vous n’avez pas pris ce quiz